| 000 | 00493nam a2200205Ia 4500 | ||
|---|---|---|---|
| 003 | OSt | ||
| 005 | 20231123150654.0 | ||
| 008 | 210210b1888 xxu||||| |||| 00| 0 eng d | ||
| 040 | _cAL | ||
| 041 | _aeng | ||
| 082 | _a512/73 | ||
| 100 |
_aTODHUNTER (I) _9143161 |
||
| 245 | _aPlane trigonometry | ||
| 260 |
_aNew York _bMacmillan & Co. Ltd. _c1888 |
||
| 650 |
_atrigonometry _9143162 |
||
| 650 |
_aPlane _9143163 |
||
| 690 |
_aTrigonometry _9143164 |
||
| 906 | _a007276 | ||
| 942 |
_2ddc _cBK |
||
| 999 |
_c139686 _d139686 |
||